Un mundo que ganar: historia de la izquierda en Europa, 1850-2000
সংরক্ষণ করুন:
| প্রধান লেখক: | |
|---|---|
| বিন্যাস: | গ্রন্থ |
| ভাষা: | স্প্যানিশ |
| প্রকাশিত: |
Barcelona
Crítica
2003
|
| মালা: | Serie Mayor
|
| বিষয়গুলি: | |
| ট্যাগগুলো: |
ট্যাগ যুক্ত করুন
কোনো ট্যাগ নেই, প্রথমজন হিসাবে ট্যাগ করুন!
|
MARC
| LEADER | 00000nam a2200000 a 4500 | ||
|---|---|---|---|
| 001 | UCL7103 | ||
| 003 | CL-VaPUC | ||
| 008 | 040430e20030000SP |||||||||||||||||spa|d | ||
| 020 | |a 8484324516 | ||
| 082 | 0 | 4 | |a 320.09 |b ELE |2 21 |
| 100 | 0 | |a Eley, Geoff |e author |9 484875 | |
| 245 | 1 | 3 | |a Un mundo que ganar: historia de la izquierda en Europa, 1850-2000 |
| 300 | |a 683 p | ||
| 942 | |c BK | ||
| 945 | |d 20040430 00:00:00 |a cmena | ||
| 260 | |a Barcelona |b Crítica |c 2003 | ||
| 650 | 0 | |a Historia política |9 256974 | |
| 650 | 0 | |a Historia de Europa |9 392003 | |
| 650 | 0 | |a Ideologías políticas |9 255735 | |
| 650 | 0 | |a Socialismo |9 255260 | |
| 650 | 0 | |a Comunismo |9 255588 | |
| 651 | 0 | |a Europa |9 255156 | |
| 583 | |a last modification |c 20040430 00:00:00 |k Rodrigo Vera | ||
| 490 | 0 | |a Serie Mayor | |
| 999 | |c 308963 |d 308961 | ||
| 952 | |0 0 |1 0 |4 0 |6 320_090000000000000_ELE_2003 |7 0 |8 A |9 375970 |a BIBHIS |b BIBHIS |d 2019-11-21 |i 4010736 |o 320.09 ELE 2003 |p 4010736 |r 2025-01-20 |w 2019-11-21 |y BK |k HIS | ||
| 952 | |0 0 |1 0 |4 0 |6 320_090000000000000_ELE_2003 |7 0 |8 A |9 375971 |a BIBHIS |b BIBHIS |d 2019-11-21 |i 4333950 |l 1 |o 320.09 ELE 2003 |p 4333950 |r 2025-05-06 |s 2025-05-06 |w 2019-11-21 |y BK |k HIS | ||